|
|
|
|
| LEADER |
00000cam a2200000 a 4500 |
| 001 |
vtls009453033 |
| 003 |
SK-MaSNL |
| 005 |
20260301211042.0 |
| 008 |
240314s2008 xo a j 000 f slo |
| 015 |
|
|
|a SNBA2009/05-02565
|
| 020 |
|
|
|a 9788089092468
|q (viaz.)
|
| 040 |
|
|
|a SNK
|b slo
|c SNK
|e AACR2
|
| 041 |
1 |
|
|a slo
|h eng
|
| 044 |
|
|
|a xo
|c SK
|
| 072 |
|
7 |
|a 821.111-3
|x Anglická próza, anglicky písaná
|2 konspekt
|
| 072 |
|
7 |
|a 821-93
|x Literatúra pre deti a mládež
|2 konspekt
|
| 080 |
|
|
|a 821.111-34
|2 2001
|
| 080 |
|
|
|a (0:82-342)
|2 2001
|
| 080 |
|
|
|a 821-93
|2 2001
|
| 100 |
1 |
|
|a Kipling, Rudyard,
|d 1865-1936
|4 aut
|9 122052
|
| 245 |
1 |
0 |
|a Ako si mačka skrotila pani pračlovekovú
|c Rudyard Kipling ; [preložila Jarmila Cihová ; ilustrovala Kristína Šimková]
|
| 250 |
|
|
|a 1. vyd.
|
| 260 |
|
|
|a Bratislava
|b Q111
|c 2008
|
| 300 |
|
|
|a 32 s.
|b fareb. ilustr.
|c 19 cm
|
| 655 |
|
7 |
|a anglické rozprávky
|2 SNKPH
|9 70609
|
| 655 |
|
7 |
|a bájky
|2 SNKPH
|9 70545
|
| 655 |
|
7 |
|a publikácie pre deti
|2 SNKPH
|9 70148
|
| 700 |
1 |
|
|a Cihová, Jarmila,
|d 1957-
|4 trl
|9 98104
|
| 700 |
1 |
|
|a Šimková, Kristína,
|d 1953-
|4 ill
|9 54004
|
| 919 |
|
|
|a 978-80-89092-46-8
|
| 958 |
|
|
|a LX
|
| 958 |
|
|
|a UP
|
| 958 |
|
|
|a DB
|
| 968 |
|
|
|b ENG
|d 821
|
| 999 |
|
|
|c 915567
|d 917497
|
| 952 |
|
|
|a SNK
|b SNK
|y VYP
|7 0
|p 17A0622596
|o snkSD 72704 D1
|i snk2009/9641
|8 0
|z Digitalizovaný
|0 0
|1 0
|4 0
|d 2009-05-29
|l 0
|r 2026-02-24 07:58:04
|w 2026-02-24
|
| 952 |
|
|
|a SNK
|b SNK
|y PREZ
|7 0
|p 17A0622595
|o snkSD 72704
|i snk2009/9640
|8 0
|0 0
|1 0
|4 0
|d 2009-05-29
|l 0
|r 2025-11-20 00:00:00
|w 2026-02-24
|